<?xml version="1.0" encoding="UTF-8"?>
<collection xmlns="http://www.loc.gov/MARC21/slim">
 <record>
  <leader>00972nam a2200205 a 4500</leader>
  <controlfield tag="001">1/53648</controlfield>
  <controlfield tag="008">210914s2020    gr a      b   000 | gre d</controlfield>
  <datafield tag="020" ind1=" " ind2=" ">
   <subfield code="a">9789608671195</subfield>
  </datafield>
  <datafield tag="040" ind1=" " ind2=" ">
   <subfield code="a">GR-PeUP</subfield>
  </datafield>
  <datafield tag="082" ind1="0" ind2="0">
   <subfield code="a">658.87 ΠΟΖ</subfield>
  </datafield>
  <datafield tag="100" ind1="1" ind2=" ">
   <subfield code="a">Ποζρικίδης, Κυριάκος Α.</subfield>
  </datafield>
  <datafield tag="245" ind1="0" ind2="0">
   <subfield code="a">Στρατηγική επιτυχημένης συμμετοχής σε εκθεσιακές διοργανώσεις / </subfield>
   <subfield code="c">Κυριάκος Α. Ποζρικίδης, Δημήτρης Β. Κουρκουρίδης.</subfield>
  </datafield>
  <datafield tag="260" ind1=" " ind2=" ">
   <subfield code="a">Θεσσαλονίκη : </subfield>
   <subfield code="b">ΔΕΘ HELEXPO, </subfield>
   <subfield code="c">2020.</subfield>
  </datafield>
  <datafield tag="300" ind1=" " ind2=" ">
   <subfield code="a">216 σ. :</subfield>
   <subfield code="b">εικ. ; </subfield>
   <subfield code="c">24 εκ.</subfield>
  </datafield>
  <datafield tag="504" ind1=" " ind2=" ">
   <subfield code="a">Περιλαμβάνει βιβλιογραφικές παραπομπές.</subfield>
  </datafield>
  <datafield tag="650" ind1=" " ind2="0">
   <subfield code="a">Exhibitions</subfield>
   <subfield code="x">Management.</subfield>
  </datafield>
  <datafield tag="650" ind1=" " ind2="4">
   <subfield code="a">Εκθέσεις</subfield>
   <subfield code="x">Διοργάνωση.</subfield>
  </datafield>
  <datafield tag="700" ind1="1" ind2=" ">
   <subfield code="a">Κουρκουρίδης, Δημήτρης Β.</subfield>
  </datafield>
  <datafield tag="852" ind1=" " ind2=" ">
   <subfield code="a">INST</subfield>
   <subfield code="b">UNIPILB</subfield>
   <subfield code="c">MAIN</subfield>
   <subfield code="e">20210914</subfield>
   <subfield code="h">658.87 ΠΟΖ</subfield>
   <subfield code="p">00185788</subfield>
   <subfield code="q">00185788</subfield>
   <subfield code="t">LOAN</subfield>
   <subfield code="y">0</subfield>
   <subfield code="4">1</subfield>
  </datafield>
  <datafield tag="960" ind1=" " ind2=" ">
   <subfield code="a">ΑΛΜΠΑΝΗ ΤΑΝΙΑ</subfield>
  </datafield>
 </record>
</collection>
